00341nam a22001337a 4500020001800000040000900018082001600027100002000043110006500063245002000128250000800148260003100156650002000187 a9788126558568 cNUST a620.106 FOX aFox, Robert W.  aMcdonald, Alan T. Pritchard, Philip J. Mitchell, John W. aFluid Mechanics a9th aINDIA:bJOHN WILEY,c2015. aFluid Mechanics